| 000 | 00834nam a2200253 a 4500 | ||
|---|---|---|---|
| 008 | |||
| 020 | _a0750619473 (pbk.) | ||
| 049 | _aMAIN | ||
| 090 | _aQA276.6 | ||
| 100 | 1 | _aThomas, C. L. Paul. | |
| 245 | 1 | 0 |
_aSampling source book : _ban indexed bibliography of the literature of sampling / _c[compiled and] edited by C. L. Paul Thomas and Helen Schofield. |
| 260 |
_aOxford : _bButterworth-Heinemann, _c1995. |
||
| 300 |
_a285 p. ; _c25 cm. |
||
| 504 | _aIncludes bibliographical references. | ||
| 500 | _aIncludes index. | ||
| 650 | 0 |
_aChemistry, Analytic _xBibliography. |
|
| 650 | 0 |
_aSampling _xBibliography. |
|
| 700 | 1 | _aSchofield, Helen. | |
| 907 |
_a.b10040572 _b20-10-03 _c17-04-03 |
||
| 003 | |||
| 005 | 20230123133207.0 | ||
| 040 | _cNUST | ||
| 942 |
_cBOOKS _kQA276.6 |
||
| 999 |
_c144359 _d144359 |
||